Trên những dặm đường khoa học Bút ký
v.v...
Đã lưu trong:
| Tác giả chính: | |
|---|---|
| Định dạng: | Sách |
| Năm xuất bản: |
Tp Hồ Chí Minh
Nxb Trẻ
1996
|
| Chủ đề: | |
| Tags: |
Thêm thẻ
Không có thẻ, Hãy là người đầu tiên gắn thẻ bản ghi này!
|
| LEADER | 01238nam a2200217 4500 | ||
|---|---|---|---|
| 082 | |a 895.922803 |b H407TR | ||
| 100 | |a Hoàng Trinh | ||
| 245 | |a Trên những dặm đường khoa học |c Hoàng Trinh |b Bút ký | ||
| 260 | |a Tp Hồ Chí Minh |b Nxb Trẻ |c 1996 | ||
| 300 | |a 104 tr. |c 19 cm. | ||
| 520 | |a v.v... | ||
| 653 | |a Văn học hiện đại | ||
| 653 | |a Việt Nam | ||
| 653 | |a Bút ký | ||
| 942 | |2 ddc |c STK0 | ||
| 999 | |c 1863 |d 1863 | ||
| 952 | |0 0 |1 0 |2 ddc |4 0 |6 895_922803000000000_H407TR |7 1 |8 800 |9 28771 |a qbu |b qbu |c D5 |d 2014-12-10 |g 14000 |o 895.922803 H407TR |p 1128.c1 |r 0000-00-00 |w 2014-12-10 |y STK0 | ||
| 952 | |0 0 |1 0 |2 ddc |4 0 |6 895_922803000000000_H407TR |7 0 |8 800 |9 28772 |a qbu |b qbu |c D5 |d 2014-12-10 |g 14000 |o 895.922803 H407TR |p 1128.c2 |r 0000-00-00 |w 2014-12-10 |y STK0 | ||
| 952 | |0 0 |1 0 |2 ddc |4 0 |6 895_922803000000000_H407TR |7 0 |8 800 |9 28773 |a qbu |b qbu |c D5 |d 2014-12-10 |g 14000 |o 895.922803 H407TR |p 1128.c3 |r 0000-00-00 |w 2014-12-10 |y STK0 | ||
| 952 | |0 0 |1 0 |2 ddc |4 0 |6 895_922803000000000_H407TR |7 0 |8 800 |9 28774 |a qbu |b qbu |c D5 |d 2014-12-10 |g 14000 |o 895.922803 H407TR |p 1128.c4 |r 0000-00-00 |w 2014-12-10 |y STK0 | ||
| 952 | |0 0 |1 0 |2 ddc |4 0 |6 895_922803000000000_H407TR |7 0 |8 800 |9 28775 |a qbu |b qbu |c D5 |d 2014-12-10 |g 14000 |o 895.922803 H407TR |p 1128.c5 |r 0000-00-00 |w 2014-12-10 |y STK0 | ||